| 000 | nam a22 a 4500 | ||
|---|---|---|---|
| 999 |
_c2975 _d2975 |
||
| 005 | 20170519083132.0 | ||
| 008 | 170519b1985 my ||||| |||| 00| 0 eng d | ||
| 020 | _a9676100773 | ||
| 040 | _aAKMAL | ||
| 082 | _a658 WAN | ||
| 090 |
_a658 _bWAN |
||
| 100 |
_aWan Azmi Ramli _d1939- _94098 |
||
| 245 | 1 | 0 |
_aPengurusan / _cWan Azmi Ramli |
| 250 | _aEd. diperbaharui | ||
| 260 |
_a(Kuala Lumpur) _bUtusan Publications & Distributors _c1985- |
||
| 300 |
_a348ms. _bil _c21cm |
||
| 504 | _aBibliografi: ms.346-348 | ||
| 650 |
_aManagement _91462 |
||
| 650 |
_aIndustrial organization _96226 |
||
| 650 |
_aOrganisation _96227 |
||
| 942 |
_2ddc _cBOOK |
||